000 00638nam a22002177a 4500
003 3228
005 20260520104021.0
008 250327b sa ||||| |||| 00| 0 eng d
020 _a9780627037030
_qpbk
040 _aRDA
_c3228
082 _a371.102 COET
100 _aCoetzee SA
245 _aThe teacher as classroom manager/
_cSA Coetzee & EJ van Niekerk.
260 _aBraamfotein;
_bVan schaik publishers,
_c2019
300 _a140 pages;
_c24 cm.
650 _vTeacher- student relationship
_xClassroom management
942 _w163
_xKhulile Ngwenya
_y367
_zEllen Msibi
942 _2ddc
942 _2ddc
942 _2ddc
_cBOOK
999 _c773500
_d773499